[Event "Kassel op"]
[Site "Kassel"]
[Date "1993.??.??"]
[Round "6"]
[White "Sawatzki, Frank"]
[Black "Gutman, Lev"]
[Result "1/2-1/2"]
[WhiteElo "2245"]
[BlackElo "2450"]

1.e4 c5 2.Nf3 d6 3.d4 cxd4 4.Nxd4 Nf6 5.Nc3 a6 6.Be3 e5 7.Nb3 Be6 8.Nd5 Bxd5
9.exd5 Nbd7 10.Be2 Be7 11.O-O O-O 12.c4 a5 13.a4 b6 14.Ra3 Nb8 15.Na1 Na6
16.Nc2 Nd7 17.Qd2 f5 18.f3 f4 19.Bf2 Bh4 20.g3 fxg3 21.hxg3 Bg5 22.Qe1 Ndc5
23.b4 axb4 24.Nxb4 Nxb4 25.Qxb4 e4 26.f4 Bf6 27.Bg4 g5 28.Be6+ Kh8 29.Qe1 gxf4
30.Bxc5 bxc5 31.Qxe4 Be5 32.gxf4 Rxf4 33.Rxf4 Qg5+ 34.Kf1 Bxf4 35.Qf5 Qxf5
36.Bxf5 Rf8 37.Be4 Bc1+ 38.Rf3 Rxf3+ 39.Bxf3 Bd2 40.Ke2 Bb4 41.Bh5 Kg7 42.Kf3 Kf6
43.Kg4  1/2-1/2

[Event "Katerini GP"]
[Site "Katerini"]
[Date "1993.??.??"]
[Round "7"]
[White "Grosar, Aljosa"]
[Black "Ayapbergenov, A."]
[Result "0-1"]
[WhiteElo "2470"]
[BlackElo "2300"]

1.e4 c5 2.Nf3 d6 3.d4 cxd4 4.Nxd4 Nf6 5.Nc3 a6 6.Be3 e5 7.Nb3 Be7 8.Bc4 Qc7
9.Qd3 Be6 10.Nd5 Nxd5 11.Bxd5 Nd7 12.c4 Nf6 13.Rc1 O-O 14.O-O Bd7 15.Qd2 a5
16.c5 Nxd5 17.exd5 Bb5 18.cxd6 Qxd6 19.Bc5 Qf6 20.Bxe7 Qxe7 21.d6 Qf6 22.Rfd1 b6
23.Qd5 Bd7 24.Qb7 Bg4 25.f3 Rab8 26.Qc7 Be6 27.d7 a4 28.Nd2 Qd8 29.Ne4 Qxc7
30.Rxc7 Rfd8 31.Ng5 Bxa2 32.Rdc1 b5 33.Rc8 Bc4 34.Rxb8 Rxb8 35.Rd1 Rd8 36.Ne4 Kf8
37.Nc5 Ke7 38.Kf2 Be6 39.Ke3 Bxd7 40.Rd5 Bc6 41.Rxe5+ Kf6 42.Rh5 b4 43.Nd3 a3
44.bxa3 bxa3 45.Nb4 Ra8 46.Rc5 Bd7 47.Rc1 Be6 48.Kd2 a2 49.Ra1 Rb8 50.Kc3 Ra8
51.Kb2 Ra4 52.Nc2 h5 53.Re1 g5 54.Ra1 Kg6 55.Re1 h4 56.Ra1 g4 57.fxg4 Rxg4
58.Ne3 Rf4 59.Kc3 Rf2 60.Rg1 f5 61.Nc2 f4 62.Nb4 Bf5 63.Ra1 Bb1 64.Nd5 Kf5
65.Kd4 Rd2+ 66.Kc4 Rxd5 67.Kxd5 h3  0-1

[Event "Katowice op"]
[Site "Katowice"]
[Date "1993.??.??"]
[Round "1"]
[White "Palosz, Andrzej"]
[Black "Kuczynski, Robert"]
[Result "0-1"]
[WhiteElo "2220"]
[BlackElo "2525"]

1.e4 c5 2.Nf3 d6 3.d4 cxd4 4.Nxd4 Nf6 5.Nc3 a6 6.Be3 e5 7.Nf3 Qc7 8.Be2 Be7
9.O-O O-O 10.a4 b6 11.Nd2 Be6 12.Bf3 Nbd7 13.Qe2 h6 14.Rfc1 Qb7 15.Nf1 Rfc8
16.Ng3 Bf8 17.Qd2 b5 18.axb5 axb5 19.Nd5 Bxd5 20.exd5 Nb6 21.b3 Nbd7 22.Ne4 b4
23.h3 Rcb8 24.Kh2 Qb5 25.Kg1 Kh8 26.Nxf6 Nxf6 27.Be2 Qxd5 28.Qxd5 Nxd5 29.Rxa8 Rxa8
30.Bf3 Ra5 31.Bd2 Nc3 32.Bxc3 bxc3 33.Rd1 f5 34.Bh5 Ra2 35.Rc1 Kh7 36.b4 Rb2
37.Bf7 Rxb4 38.Be6 g6 39.g4 f4 40.f3 Kg7 41.Ra1 Kf6 42.Bb3 Be7 43.Kf2 Rb7
44.Ra6 Rc7 45.Ke2 Kg5 46.Kf2 h5 47.Ra5 hxg4 48.hxg4 Rc6 49.Bd5 Rc8 50.Ke2 Rh8
51.Kd3 Rh1 52.Kxc3 Rd1 53.Bc6 Kh4 54.Rd5 Rf1 55.Rd3 Kg3 56.Kc4 Rf2 57.Rc3 Rd2
58.Be4 d5+ 59.Bxd5 Rd4+ 60.Kb3 Rxd5  0-1

[Event "Katowice op"]
[Site "Katowice"]
[Date "1993.??.??"]
[Round "5"]
[White "Klovans, Janis"]
[Black "Dydyshko, Viacheslav"]
[Result "0-1"]
[WhiteElo "2440"]
[BlackElo "2490"]

1.e4 c5 2.Nf3 d6 3.d4 cxd4 4.Nxd4 Nf6 5.Nc3 a6 6.Be3 e6 7.Be2 Be7 8.f4 O-O
9.O-O Qc7 10.a4 Nc6 11.Kh1 Re8 12.Nb3 b6 13.Qe1 Bb7 14.Qf2 Nd7 15.Rad1 Nb4
16.Bg4 Rac8 17.Rd2 Ba8 18.Rfd1 Nf6 19.Bf3 Rb8 20.Qg3 Bf8 21.Nd4 Rbc8 22.f5 e5
23.Nde2 d5 24.Bg5 Nxe4 25.Bxe4 dxe4 26.Bf6 Kh8 27.Rd7 gxf6 28.Rxc7 Rxc7 29.Qh4 Be7
30.Nxe4 Rg8 31.c3 Nd5 32.N2g3 Nf4 33.Rf1 Rc4 34.Rxf4 exf4 35.Qxf4 Rxg3 36.hxg3 Bxe4
37.Kh2 Bd5 38.Qb8+ Kg7 39.Qxb6 Rxa4 40.Qc7 Re4 41.Qa5 Bc4 42.Qc7 Bf1 43.Kg1 Bd3
44.Qd7 Bc5+ 45.Kh2 Be2 46.Qc6 Re5 47.g4 Bf2 48.g5 fxg5 49.g4 Bxg4 50.Qxa6 Re2
51.f6+ Kh6 52.Qa8 Bc5+ 53.Kg3 Bh5 54.Qd5 Be3  0-1

[Event "Katowice op"]
[Site "Katowice"]
[Date "1993.??.??"]
[Round "5"]
[White "Mnatsakanian, Eduard A"]
[Black "Kuczynski, Robert"]
[Result "0-1"]
[WhiteElo "2405"]
[BlackElo "2525"]

1.e4 c5 2.Nf3 d6 3.d4 cxd4 4.Nxd4 Nf6 5.Nc3 a6 6.Be3 e5 7.Nb3 Be7 8.f3 Be6
9.Qd2 Nbd7 10.g4 h6 11.h4 b5 12.a4 b4 13.Nd5 Bxd5 14.exd5 Nb6 15.Bxb6 Qxb6
16.a5 Qb7 17.Bc4 O-O 18.O-O-O Rfc8 19.Bf1 Rc7 20.Kb1 Rac8 21.Bd3 e4 22.fxe4 Nxg4
23.Qe2 h5 24.Bxa6 Qa7 25.Bxc8 Rxc8 26.Rd4 Rb8 27.Qe1 Qb7 28.Qg3 Qa6 29.Qe1 Qb5
30.Qf1 Qb7 31.Qf4 Qa6 32.Rd2 Bf6 33.Rg2 Rc8 34.Rxg4 hxg4 35.Qxg4 Qc4 36.Rc1 Re8
37.Re1 Rc8 38.Rc1 Re8 39.Re1 Bxb2 40.Qe2 Qc3 41.Qe3 Qe5 42.Qg5 f5 43.Nd2 Ba3  0-1

[Event "Katowice op"]
[Site "Katowice"]
[Date "1993.??.??"]
[Round "7"]
[White "Gipslis, Aivars"]
[Black "Maksimenko, Andrei"]
[Result "0-1"]
[WhiteElo "2490"]
[BlackElo "2435"]

1.e4 c5 2.Nf3 d6 3.d4 cxd4 4.Nxd4 Nf6 5.Nc3 a6 6.Be3 e6 7.Be2 Be7 8.f4 Nc6
9.Bf3 Qc7 10.Qe2 O-O 11.O-O-O Nxd4 12.Rxd4 Nd7 13.Rhd1 b5 14.g4 Rb8 15.g5 b4
16.Nb1 Nc5 17.b3 a5 18.Nd2 Ba6 19.Nc4 a4 20.Kb1 e5 21.fxe5 dxe5 22.Rd5 axb3
23.cxb3 Na4 24.Rd7 Nc3+ 25.Ka1 Qc6 26.Rxe7 Nxe2 27.Rd6 Qc8 28.Bxe2 Rd8  0-1

[Event "Katowice op"]
[Site "Katowice"]
[Date "1993.??.??"]
[Round "9"]
[White "Mainka, Romuald"]
[Black "Maksimenko, Andrei"]
[Result "1-0"]
[WhiteElo "2515"]
[BlackElo "2435"]

1.e4 c5 2.Nf3 d6 3.d4 cxd4 4.Nxd4 Nf6 5.Nc3 a6 6.Be3 e6 7.Be2 Be7 8.O-O O-O
9.f4 Nc6 10.a4 Qc7 11.Kh1 Re8 12.Bg1 Bd7 13.Qd3 e5 14.Nxc6 bxc6 15.fxe5 dxe5
16.a5 c5 17.Qf3 Be6 18.b3 Qc6 19.Bc4 Red8 20.Rad1 Rxd1 21.Qxd1 Rd8 22.Qe2 Bxc4
23.Qxc4 Rd2 24.b4 Qd7 25.b5 Rxc2 26.bxa6  1-0

[Event "Katowice op"]
[Site "Katowice"]
[Date "1993.??.??"]
[Round "9"]
[White "Ciemniak, Robert"]
[Black "Jakubiec, Artur"]
[Result "1/2-1/2"]
[WhiteElo "2440"]
[BlackElo "2355"]

1.e4 c5 2.Nf3 d6 3.d4 Nf6 4.Nc3 cxd4 5.Nxd4 a6 6.Be3 e5 7.Nf3 Qc7 8.a4 Be7
9.a5 O-O 10.Be2 Be6 11.O-O h6 12.Nd5 Nxd5 13.exd5 Bf5 14.c4 Nd7 15.b4 Bh7
16.Nd2 f5 17.f3 Kh8 18.Rc1 Bg8 19.Bd3 Rf6 20.Kh1 Raf8 21.Bc2 g5 22.Bb3 Rg6
23.Qc2 Rg7 24.c5 Nf6 25.Qa2 f4 26.Bg1 g4 27.fxg4 Qd7 28.h3 dxc5 29.bxc5 Nxd5
30.Ne4 Nb4 31.Qa3 Qd3 32.Qxb4 Qxb3 33.Qxb3 Bxb3 34.c6 bxc6 35.Rxc6 Kh7 36.Nc5 Bd5
37.Rc7 f3 38.gxf3 Bxf3+ 39.Kh2 e4 40.Rd7 Rd8 41.Rxd8 Bxd8 42.Bd4 Rf7 43.Nxe4 Bxa5  1/2-1/2

[Event "Katowice op"]
[Site "Katowice"]
[Date "1993.??.??"]
[Round "9"]
[White "Nikolenko, Oleg"]
[Black "Vaulin, Alexander"]
[Result "1-0"]
[WhiteElo "2460"]
[BlackElo "2515"]

1.e4 c5 2.Nf3 d6 3.d4 cxd4 4.Nxd4 Nf6 5.Nc3 a6 6.Be3 e5 7.Nf3 Be7 8.Bc4 Qc7
9.Qd3 O-O 10.Bg5 Be6 11.Bb3 Nbd7 12.Bxf6 Nxf6 13.O-O Rfc8 14.Nd2 b5 15.Rac1 Qb7
16.Rfe1 b4 17.Nd1 Nd7 18.Qf3 Bg5 19.Ne3 Bxe3 20.Qxe3 Nc5 21.f3 a5 22.Red1 Qa7
23.Nf1 Rc6 24.Bxe6 Nxe6 25.c3 Kf8 26.cxb4 Rxc1 27.Qxa7 Rxa7 28.Rxc1 axb4
29.Rc4 Rxa2 30.Rxb4 Nf4 31.Rb6 d5 32.exd5 Nxd5 33.Rb5 Nf4 34.g3 Ne2+ 35.Kf2 Nc3
36.Rb8+ Ke7 37.Ne3 g6 38.Nc4 Ke6 39.Rb3 Na4 40.Rb5 f6 41.Ke3 h5 42.h4 Ra1
43.Ra5 Nxb2 44.Rxa1 Nxc4+ 45.Kd3 Nd6 46.Ra6 Kd5 47.Ke3 Ke6 48.Kf2 Ke7 49.g4 hxg4
50.fxg4 Nf7 51.Kf3 Nd6 52.Rb6 Nf7 53.Ke4 Nd8 54.h5  1-0

[Event "Kecskemet"]
[Site "Kecskemet"]
[Date "1993.??.??"]
[Round "8"]
[White "Szalanczy, Emil"]
[Black "Loginov, Valery A"]
[Result "0-1"]
[WhiteElo "2365"]
[BlackElo "2505"]

1.e4 c5 2.Nf3 d6 3.d4 cxd4 4.Nxd4 Nf6 5.Nc3 a6 6.Be3 e5 7.Nb3 Be6 8.f4 exf4
9.Bxf4 Nc6 10.Qd2 d5 11.exd5 Nxd5 12.Nxd5 Qxd5 13.Qxd5 Bxd5 14.O-O-O O-O-O
15.Bd3 g6 16.Rd2 Bd6 17.Bxd6 Rxd6 18.Be4 Rhd8 19.Rhd1 Nb4 20.Rd4 f5 21.Bxd5 Rxd5
22.a3 Rxd4 23.Nxd4 Nd5 24.Ne6 Re8 25.Ng5 Nf6 26.Rd6 Re1+ 27.Rd1 Re7 28.h3 Kc7
29.Rd4 Re1+ 30.Rd1 Re3 31.Rd3 Rxd3 32.cxd3 Kd6 33.Kd2 Ke5 34.Ke3 Nd5+ 35.Kf3 h6
36.Nf7+ Kf6 37.Nd6 b6 38.Nc4 g5 39.g4 Ke6 40.d4 b5 41.Ne5 f4 42.Nd3 Ne3 43.h4 Nc4
44.hxg5 hxg5 45.Nc5+ Kd5 46.Nxa6 Kxd4 47.Nc7 Ne5+ 48.Ke2 f3+ 49.Kf2 Ke4 50.Nxb5 Kf4
51.Nc3 Nxg4+ 52.Kg1 Ne3 53.Kf2 g4 54.Ne2+ fxe2 55.Kxe2 Nc4  0-1

[Event "Kecskemet"]
[Site "Kecskemet"]
[Date "1993.??.??"]
[Round "9"]
[White "Fogarasi, Tibor"]
[Black "Vaulin, Alexander"]
[Result "1/2-1/2"]
[WhiteElo "2440"]
[BlackElo "2515"]

1.e4 c5 2.Nf3 d6 3.d4 cxd4 4.Nxd4 Nf6 5.Nc3 a6 6.Be3 e5 7.Nf3 Be7 8.Bc4 Qc7
9.Bb3 Be6 10.Bxe6 fxe6 11.Ng5 Qd7 12.Qf3 d5 13.exd5 exd5 14.O-O-O d4 15.Nce4 O-O
16.Bd2 Nxe4 17.Qb3+ Kh8 18.Nxe4 Qc6 19.f3 Nd7 20.h4 b5 21.Kb1 a5  1/2-1/2

[Event "Komotini GP"]
[Site "Komotini"]
[Date "1993.??.??"]
[Round "6"]
[White "Stefansson, Hannes"]
[Black "Banikas, Hristos"]
[Result "1/2-1/2"]
[WhiteElo "2500"]
[BlackElo "2205"]

1.e4 c5 2.Nf3 d6 3.d4 cxd4 4.Nxd4 Nf6 5.Nc3 a6 6.Be3 e6 7.g4 h5 8.gxh5 b5
9.Bg5 Be7 10.h4 b4 11.Na4 Bd7 12.b3 Bxa4 13.bxa4 Nxe4 14.Bg2 d5 15.h6 gxh6
16.Nxe6 fxe6 17.Qh5+ Kd7 18.Bxe7 Qxe7 19.Bxe4 Nc6 20.O-O-O  1/2-1/2

[Event "Kurgan"]
[Site "Kurgan"]
[Date "1993.??.??"]
[Round "?"]
[White "Predein, V."]
[Black "Vaulin, Alexander"]
[Result "1/2-1/2"]
[WhiteElo "2315"]
[BlackElo "2500"]

1.e4 c5 2.Nf3 d6 3.d4 cxd4 4.Nxd4 Nf6 5.Nc3 a6 6.Be3 e5 7.Nf3 Qc7 8.a4 Nbd7
9.Be2 Nc5 10.Nd2 Be6 11.O-O Be7 12.a5 O-O 13.f3 d5 14.exd5 Bxd5 15.Nc4 Rad8
16.Qe1  1/2-1/2

[Event "Kurgan"]
[Site "Kurgan"]
[Date "1993.??.??"]
[Round "?"]
[White "Chuprov, A."]
[Black "Vaulin, Alexander"]
[Result "0-1"]
[WhiteElo "2405"]
[BlackElo "2500"]

1.e4 c5 2.Nf3 d6 3.d4 cxd4 4.Nxd4 Nf6 5.Nc3 a6 6.Be3 e5 7.Nf3 Be7 8.Bc4 Qc7
9.Bb3 Be6 10.Ng5 Bc4 11.Bxc4 Qxc4 12.Qe2 Qc6 13.Qd3 Nbd7 14.Nf3 Rc8 15.a4 Bd8
16.O-O Ba5 17.Nd5 Nxd5 18.exd5 Qxc2 19.Qa3 Qe4 20.Ng5 Qb4 21.Qd3 Nf6 22.Qf5 O-O
23.f4 Rce8 24.Kh1 e4 25.Rad1 h6 26.Bd4 hxg5 27.fxg5 Nh7 28.Rf4 Qb3 29.Qg4 e3
30.Qe2  0-1

[Event "La Coruna op"]
[Site "La Coruna"]
[Date "1993.??.??"]
[Round "?"]
[White "Garcia, Mar"]
[Black "Nedobora, Mikhail"]
[Result "0-1"]
[WhiteElo "2315"]
[BlackElo "2440"]

1.e4 c5 2.Nf3 d6 3.d4 cxd4 4.Nxd4 Nf6 5.Nc3 a6 6.Be3 e6 7.Qd2 Be7 8.f3 Nc6
9.g4 O-O 10.O-O-O Nxd4 11.Bxd4 b5 12.g5 Nd7 13.h4 Qa5 14.Kb1 b4 15.Ne2 Ne5
16.Ng1 Bb7 17.Bd3 Rac8 18.Qg2 Nxd3 19.cxd3 e5 20.Be3 b3 21.axb3 Qb5 22.Ne2 a5
23.Nc3 Qxb3 24.Qc2 Qxc2+ 25.Kxc2 d5 26.exd5 Bxd5 27.Rhf1 a4 28.Kd2 Bb3 29.Ra1 Rfd8
30.Rfc1 Bb4 31.Ke2 a3 32.Rxa3 Bxa3 33.bxa3 Rd6 34.Nb5 Rxc1 35.Bxc1 Rc6 36.Bd2 Rb6
37.Nc7 Rb7 38.Ne8 Rd7 39.Bb4 Rd4 40.Bc3 Rd5 41.Ke3 Ba4 42.Ke4 Bc6  0-1

[Event "Leeuwarden op"]
[Site "Leeuwarden"]
[Date "1993.??.??"]
[Round "8"]
[White "Riemersma, Liafbern"]
[Black "Dvoirys, Semen I"]
[Result "0-1"]
[WhiteElo "2420"]
[BlackElo "2590"]

1.e4 c5 2.Nf3 d6 3.d4 cxd4 4.Nxd4 Nf6 5.Nc3 a6 6.Be3 e5 7.Nb3 Be6 8.Be2 Nbd7
9.f4 Rc8 10.f5 Bc4 11.Bxc4 Rxc4 12.Qd3 Qc8 13.Nd2 Rc7 14.Bg5 Be7 15.O-O-O b5
16.Bxf6 Nxf6 17.Kb1 O-O 18.Rhe1 Qb7 19.Nf1 Rfc8 20.Ne3 Rxc3 21.bxc3 b4 22.cxb4 Nxe4
23.Nd5 Nc3+ 24.Nxc3 Qxb4+ 25.Ka1 Rxc3 26.Rb1 Qc5 27.Rb8+ Bf8 28.Qe4 Rxc2
29.Kb1 Rc4 30.Qe3 Rd4 31.Rc1 Rb4+ 32.Rxb4 Qxe3 33.Rb8 Qe4+ 34.Kb2 Qxf5 35.Rcc8 g6
36.Rxf8+ Kg7 37.Rfc8 Qf2+ 38.Rc2 Qd4+ 39.Kb3 e4 40.Rb4 Qd3+ 41.Kb2 d5 42.Rb3 Qd4+
43.Kc1 Qg1+ 44.Kb2 Qxh2  0-1

[Event "Lublin-B"]
[Site "Lublin"]
[Date "1993.??.??"]
[Round "2"]
[White "Varavin, Viktor"]
[Black "Pisulinski, Jan"]
[Result "1-0"]
[WhiteElo "2460"]
[BlackElo "2375"]

1.e4 c5 2.Nf3 d6 3.d4 cxd4 4.Nxd4 Nf6 5.Nc3 a6 6.Be3 e5 7.Nf3 Qc7 8.a4 b6
9.Be2 Bb7 10.Nd5 Bxd5 11.exd5 Ng4 12.Bc1 Be7 13.O-O O-O 14.c4 a5 15.Ra3 Nd7
16.Rb3 Nc5 17.Rb5 f5 18.h3 Nf6 19.Ng5 Nfe4 20.Ne6 Nxe6 21.dxe6 Kh8 22.Qd5 Rab8
23.Rd1 Qc8 24.Be3 Nf6 25.Qd3 f4 26.Bxb6 Qxe6 27.Bc7 e4 28.Qd4 Rxb5 29.axb5 f3
30.Bf1 Nh5 31.Re1 Ng3 32.gxf3 Nxf1 33.Qxe4 Qxh3 34.Qxe7 Qxf3 35.Qe2 Qf7 36.b6 Nh2
37.Kxh2 Qf5 38.Kg2 Qg5+ 39.Kf1 Qh4 40.Qe3 Qxc4+ 41.Kg1  1-0

[Event "POL-chT"]
[Site "Lubniewice"]
[Date "1993.??.??"]
[Round "?"]
[White "Kuczynski, Robert"]
[Black "Rogowski, Jaroslaw"]
[Result "1-0"]
[WhiteElo "2520"]
[BlackElo "2300"]

1.e4 c5 2.Nf3 d6 3.d4 cxd4 4.Nxd4 Nf6 5.Nc3 a6 6.Be3 Qc7 7.Be2 e6 8.a4 Nc6
9.O-O Be7 10.f4 O-O 11.Kh1 Rd8 12.Qe1 e5 13.fxe5 dxe5 14.Nxc6 Qxc6 15.Qg3 Be6
16.Bg5 Kh8 17.Qh4 b5 18.Bd3 Bc4 19.Nd5 Rxd5 20.exd5 Bxd5 21.Bxf6 Bxg2+ 22.Kg1 Bc5+
23.Rf2 e4 24.axb5  1-0

[Event "POL-chT"]
[Site "Lubniewice"]
[Date "1993.??.??"]
[Round "?"]
[White "Pilarska, Czeslawa"]
[Black "Byczynska, Joanna"]
[Result "0-1"]
[WhiteElo "2210"]
[BlackElo "2050"]

1.e4 c5 2.Nf3 d6 3.d4 cxd4 4.Nxd4 Nf6 5.Nc3 a6 6.Be3 e6 7.f3 b5 8.Qd2 Bb7
9.g4 h6 10.O-O-O Nbd7 11.h4 Ne5 12.Bd3 Qc7 13.Kb1 b4 14.Nce2 d5 15.exd5 Nxd5
16.Bf2 Nxd3 17.cxd3 Bd6 18.Rc1 Qd7 19.Rhe1 O-O 20.g5 h5 21.Bg3 e5 22.Nb3 Rac8
23.d4 exd4 24.Bxd6 Qxd6 25.Nexd4 Qb6 26.Rxc8 Rxc8 27.Rc1 Rxc1+ 28.Nxc1 Nc3+
29.Ka1 Nb5 30.Nce2 a5 31.Nxb5 Qxb5 32.f4 Bf3 33.Ng3 Qc5 34.Qe1 Qc2 35.Nf1 a4
36.Ne3 Qe4 37.f5 a3 38.Qd2 Bg4 39.bxa3 bxa3  0-1

[Event "POL-chT"]
[Site "Lubniewice"]
[Date "1993.??.??"]
[Round "?"]
[White "Borkowski, Franciszek"]
[Black "Gralka, Julian"]
[Result "0-1"]
[WhiteElo "2435"]
[BlackElo "2300"]

1.e4 c5 2.Nf3 d6 3.d4 cxd4 4.Nxd4 Nf6 5.Nc3 a6 6.Be3 e5 7.Nb3 Be6 8.Be2 Be7
9.O-O O-O 10.Nd5 Nxd5 11.exd5 Bf5 12.Qd2 a5 13.c4 Nd7 14.f4 exf4 15.Bxf4 Bg6
16.Kh1 a4 17.Nd4 Nc5 18.Bf3 Nd3 19.Be3 Bf6 20.Bh5 Be4 21.Be2 Nc5 22.Rae1 Re8
23.Nb5 Be5 24.Bg5 Qd7 25.Bf4 Bg6 26.Bxe5 Rxe5 27.Bf3 Bd3 28.Rxe5 Bxf1 29.Rg5 Bxc4
30.Nd4 Bd3 31.Bg4 Qe7 32.Bf5 Re8 33.h4 Ne4 34.Bxe4 Qxe4 35.Qf2 h6 36.Rg3 Qxh4+
37.Kg1 Qe4 38.Nf3 Qxd5 39.Qd2 Qc5+ 40.Kh2 Bg6 41.Nh4 Qh5 42.Rh3 Qe5+ 43.Rg3 Be4
44.Qb4 b5 45.Nf3 Bxf3 46.gxf3 Qh5+ 47.Kg1 Re2  0-1

[Event "Wch Team"]
[Site "Luzern"]
[Date "1993.??.??"]
[Round "2"]
[White "Lanka, Zigurds"]
[Black "Vera, Reynaldo"]
[Result "1-0"]
[WhiteElo "2540"]
[BlackElo "2525"]

1.e4 c5 2.Nf3 d6 3.d4 cxd4 4.Nxd4 Nf6 5.Nc3 a6 6.Be3 e6 7.Be2 Be7 8.f4 Qc7
9.O-O O-O 10.g4 Nc6 11.g5 Nd7 12.f5 Nxd4 13.Qxd4 Re8 14.fxe6 fxe6 15.Bh5 Rf8
16.Rxf8+ Bxf8 17.Rf1 Ne5 18.Nd5 Qd8 19.Nb6 Rb8 20.Bf4 Nc6 21.Qf2 g6 22.Bg4 Bg7
23.c3 e5 24.Bxc8 exf4 25.Be6+ Kh8 26.h4 Nd4 27.cxd4 Qxb6 28.Rd1 Re8 29.Bd5 Rf8
30.b3 Qa7 31.Rd3 b5 32.Be6 Re8 33.d5 Qxf2+ 34.Kxf2 b4 35.Kf3 Rf8 36.Rd2 a5
37.h5 gxh5 38.Rh2 Be5 39.Rxh5 Kg7 40.Bf5 Rh8 41.Rh6 Kf7 42.Rh2 Kg7 43.Rh6 Kf7
44.Ke2 Kf8 45.Be6 Kg7 46.Kf3 Ra8 47.Bf5 Rh8 48.Kg4 Kf7 49.Rh2 Kg7 50.Rc2 Rf8
51.Rc6 Rf7 52.Be6 Ra7 53.Rc8 Kg6 54.Bf5+ Kg7 55.Kh5 Rf7 56.Be6 Rf8 57.Rc7+ Kh8
58.Kh6  1-0

[Event "Wch Team"]
[Site "Luzern"]
[Date "1993.??.??"]
[Round "3"]
[White "Brunner, Lucas"]
[Black "Kengis, Edvins"]
[Result "1/2-1/2"]
[WhiteElo "2475"]
[BlackElo "2560"]

1.e4 c5 2.Nf3 d6 3.d4 cxd4 4.Nxd4 Nf6 5.Nc3 a6 6.Be3 e5 7.Nb3 Be6 8.f4 exf4
9.Bxf4 Nc6 10.Be2 d5 11.exd5 Nxd5 12.Nxd5 Bxd5 13.O-O Be7 14.Bf3 Bxf3 15.Qxf3 O-O
16.Rad1 Qb6+ 17.Be3 Qc7 18.c3 Bd6 19.Bf4 Bxf4 20.Qxf4 Qxf4 21.Rxf4  1/2-1/2

[Event "Wch Team"]
[Site "Luzern"]
[Date "1993.??.??"]
[Round "4"]
[White "Brunner, Lucas"]
[Black "Vera, Reynaldo"]
[Result "0-1"]
[WhiteElo "2475"]
[BlackElo "2525"]

1.e4 c5 2.Nf3 d6 3.d4 cxd4 4.Nxd4 Nf6 5.Nc3 a6 6.Be3 e6 7.f3 b5 8.g4 h6 9.h4 b4
10.Nce2 e5 11.Nb3 d5 12.Ng3 d4 13.Bf2 Be6 14.Bd3 Nbd7 15.Qe2 a5 16.Rg1 g6
17.Nd2 Qc7 18.g5 hxg5 19.hxg5 Nh5 20.Nxh5 Rxh5 21.f4 exf4 22.Nf3 Bg7 23.Nxd4 Nc5
24.Bc4 Rc8 25.O-O-O f3 26.Qf1 Nxe4 27.Bxe6 fxe6 28.c3 bxc3 29.b3 c2 30.Rd3 Qc5
31.Nb5 Nxf2 32.Nd6+ Kd7 33.Ne4+ Nxd3+ 34.Qxd3+ Qd5 35.Qe3 Qd4  0-1

[Event "Wch Team"]
[Site "Luzern"]
[Date "1993.??.??"]
[Round "5"]
[White "Lanka, Zigurds"]
[Black "Olafsson, Helgi"]
[Result "1-0"]
[WhiteElo "2540"]
[BlackElo "2530"]

1.e4 c5 2.Nf3 d6 3.d4 cxd4 4.Nxd4 Nf6 5.Nc3 a6 6.Be3 e6 7.Be2 Be7 8.f4 Qc7
9.g4 b5 10.g5 Nfd7 11.a3 Nb6 12.Bf3 Nc4 13.Bc1 Nd7 14.Bg2 Bb7 15.f5 Nde5
16.fxe6 O-O 17.Nd5 Bxd5 18.exd5 f6 19.g6 f5 20.gxh7+ Kh8 21.O-O f4 22.Kh1 Bg5
23.Be4 Rf6 24.Qh5 Bh6 25.b3 Qc5 26.Nf5 Nb6 27.e7 Rxf5 28.Qxf5 g6 29.Qe6 Qd4
30.e8=Q+ Rxe8 31.Qxe8+ Kxh7 32.Qe7+ Kh8 33.Bg2 f3 34.Bh3  1-0

[Event "Pirc mem"]
[Site "Maribor"]
[Date "1993.??.??"]
[Round "?"]
[White "Grosar, Aljosa"]
[Black "Gostisa, Leon"]
[Result "1-0"]
[WhiteElo "2480"]
[BlackElo "2460"]

1.e4 c5 2.Nf3 d6 3.d4 cxd4 4.Nxd4 Nf6 5.Nc3 a6 6.Be3 e6 7.f3 Qc7 8.Qd2 Nbd7
9.g4 h6 10.h4 b5 11.O-O-O Nc5 12.Bh3 Nfd7 13.g5 Ne5 14.f4 Nc4 15.Qe2 Bd7
16.g6 fxg6 17.b4 Be7 18.bxc5 Qa5 19.Rd3 Qa3+ 20.Kd1 Nb2+ 21.Kd2 Nxd3 22.Qxd3 b4
23.Nce2 Qxa2 24.cxd6 Bd8 25.Nb3  1-0

[Event "Pirc mem"]
[Site "Maribor"]
[Date "1993.??.??"]
[Round "?"]
[White "Grosar, Aljosa"]
[Black "Danner, Georg"]
[Result "0-1"]
[WhiteElo "2480"]
[BlackElo "2385"]

1.e4 c5 2.Nf3 d6 3.d4 cxd4 4.Nxd4 Nf6 5.Nc3 a6 6.Be3 e5 7.Nb3 Be6 8.f4 exf4
9.Bxf4 Nc6 10.Qd2 Ne5 11.O-O-O Be7 12.Nd4 Qc7 13.Nf5 Bxf5 14.exf5 O-O 15.Nd5 Nxd5
16.Qxd5 Rac8 17.Rd2 Qb6 18.Be2 Rc6 19.g4 Rc5 20.Qb3 Qc6 21.Rhd1 h6 22.Kb1 Rc8
23.h3 b5 24.Be3 Nc4 25.Bxc4 Rxc4 26.Qd3 Bf6 27.Re2 Be5 28.Rf1 Rb4 29.Bc1 Rd4
30.Qe3 Qd5 31.Rd2 Qc4 32.Rfd1 Re4 33.Qd3 b4 34.Qxc4 Rcxc4 35.Rd3 Re2 36.R3d2 Rce4
37.a3 bxa3 38.b3 Rxd2 39.Rxd2 Re1 40.c4 Bb2 41.Rc2 Bxc1  0-1

[Event "Merida"]
[Site "Merida"]
[Date "1993.??.??"]
[Round "4"]
[White "Henao, Raul Fernando"]
[Black "Rodriguez, Amador"]
[Result "1/2-1/2"]
[WhiteElo "2390"]
[BlackElo "2480"]

1.e4 c5 2.Nf3 d6 3.d4 cxd4 4.Nxd4 Nf6 5.Nc3 a6 6.Be3 Ng4 7.Bg5 h6 8.Bh4 g5
9.Bg3 Bg7 10.Qd2 Nc6 11.Nb3 Be6 12.f3 Nge5 13.Nd5 Ng6 14.Bf2 Bxd5 15.exd5 Nce5
16.O-O-O Rc8 17.Kb1 Qc7  1/2-1/2

[Event "Merida"]
[Site "Merida"]
[Date "1993.??.??"]
[Round "5"]
[White "Rodriguez, Amador"]
[Black "Leitao, Rafael"]
[Result "1-0"]
[WhiteElo "2480"]
[BlackElo "2295"]

1.e4 c5 2.Nf3 d6 3.d4 cxd4 4.Nxd4 Nf6 5.Nc3 a6 6.Be3 Ng4 7.Bg5 h6 8.Bh4 g5
9.Bg3 Bg7 10.Qd2 Nc6 11.Nb3 Be6 12.h4 gxh4 13.Bxh4 Rc8 14.f3 Nge5 15.Bf2 Bc4
16.Be2 Bxe2 17.Qxe2 b5 18.Nd5 Nc4 19.c3 h5 20.f4 Qd7 21.Rxh5 Rxh5 22.Qxh5 Nxb2
23.Qh7 Kf8 24.Nb6 Nd3+ 25.Kf1 Qa7 26.Qh3  1-0

[Event "Merida"]
[Site "Merida"]
[Date "1993.??.??"]
[Round "8"]
[White "Henao, Raul Fernando"]
[Black "Sunye Neto, Jaime"]
[Result "1/2-1/2"]
[WhiteElo "2390"]
[BlackElo "2545"]

1.e4 c5 2.Nf3 d6 3.d4 cxd4 4.Nxd4 Nf6 5.Nc3 a6 6.Be3 e5 7.Nb3 Be6 8.Be2 Nbd7
9.a4 Be7 10.O-O O-O 11.f4 Rc8 12.a5 Re8 13.Kh1 exf4 14.Rxf4 Bf8 15.Qd2 Nc5
16.Nd4 Bd7 17.Bd3 Ng4 18.Bc4 Ne5 19.Bd5 Be6 20.Nxe6 fxe6 21.Ba2 Ncd7 22.Nd5 Nc4
23.Bxc4 Rxc4 24.b3  1/2-1/2

[Event "Merida"]
[Site "Merida"]
[Date "1993.??.??"]
[Round "9"]
[White "Rodriguez, Amador"]
[Black "Toth, Christian Endre"]
[Result "1/2-1/2"]
[WhiteElo "2480"]
[BlackElo "2420"]

1.e4 c5 2.Nf3 d6 3.d4 cxd4 4.Nxd4 Nf6 5.Nc3 a6 6.Be3 e5 7.Nb3 Be6 8.Nd5 Nbd7
9.f3 Nxd5 10.exd5 Bf5 11.Qd2 Rc8 12.c4 b6 13.Be2 Be7 14.O-O Bg6 15.f4 exf4
16.Bxf4 Ne5 17.Nd4 O-O 18.Rac1 Re8  1/2-1/2

[Event "Merida"]
[Site "Merida"]
[Date "1993.??.??"]
[Round "11"]
[White "Henao, Raul Fernando"]
[Black "Leitao, Rafael"]
[Result "1-0"]
[WhiteElo "2390"]
[BlackElo "2295"]

1.e4 c5 2.Nf3 d6 3.d4 cxd4 4.Nxd4 Nf6 5.Nc3 a6 6.Be3 e5 7.Nb3 Be6 8.Qd2 Nbd7
9.f3 b5 10.a4 b4 11.Nd5 Bxd5 12.exd5 Nb6 13.Bxb6 Qxb6 14.a5 Qb7 15.Bc4 Be7
16.Ra4 Rb8 17.Nc1 Bd8 18.Na2 Nd7 19.Kd1 Nc5 20.Rxb4 Qc8 21.Rxb8 Qxb8 22.b4 Nd7
23.Bxa6 O-O 24.c3 h6 25.Re1 Bg5 26.Qd3 f5 27.Qb5 Qa7 28.Qb7 Qf2 29.Re2 Qf1+
30.Kc2 Nf6 31.Bc4 Nh5 32.g3 f4 33.g4 Ng3 34.hxg3 fxg3 35.a6 g2 36.Rxg2 Qxg2+
37.Kb3 Qxf3 38.a7 Qd1+ 39.Ka3 Bc1+ 40.Nxc1 Qxc1+ 41.Ka4 Qxc3 42.Kb5  1-0

[Event "Minsk"]
[Site "Minsk"]
[Date "1993.??.??"]
[Round "?"]
[White "Gipslis, Aivars"]
[Black "Dydyshko, Viacheslav"]
[Result "1/2-1/2"]
[WhiteElo "2490"]
[BlackElo "2490"]

1.e4 c5 2.Nf3 d6 3.d4 cxd4 4.Nxd4 Nf6 5.Nc3 a6 6.Be3 e6 7.Be2 Be7 8.f4 O-O
9.Bf3 Qc7 10.Qe2 Nc6 11.O-O-O Bd7 12.g4 Nxd4 13.Rxd4 Bc6 14.g5 Nd7 15.Kb1 Rfe8
16.h4 b5 17.Qg2 Rab8 18.Rdd1 Nb6 19.Ne2 Nc4 20.Bc1 b4 21.Nd4 Bd7 22.Rd3 a5
23.Bg4 Bf8 24.h5 a4 25.g6 fxg6 26.hxg6 h6 27.Qh3 Qc8 28.Ka1 Rb7 29.Rg3 e5
30.Bxd7 Qxd7 31.Nf5 exf4 32.Bxf4 Rxe4 33.Bxh6 gxh6 34.g7 Bxg7 35.Rxg7+ Qxg7
36.Nxg7 Rbe7 37.a3 Kxg7 38.Qxh6+ Kf7 39.Rf1+ Ke8 40.Qh5+ Kd8 41.axb4 Kc7
42.Rf8 R4e5 43.Qh3 Nb6 44.Qd3 Re8 45.Qc3+ Kb7 46.Qf3+ Ka7 47.Qf7+ R8e7  1/2-1/2

[Event "Mlada Boleslav op"]
[Site "Mlada Boleslav"]
[Date "1993.??.??"]
[Round "?"]
[White "Iuldachev, Saidali"]
[Black "Piza, Vlastimil"]
[Result "1-0"]
[WhiteElo "2445"]
[BlackElo "2275"]

1.e4 c5 2.Nf3 d6 3.d4 cxd4 4.Nxd4 Nf6 5.Nc3 a6 6.Be3 e6 7.Qd2 Be7 8.f3 b5
9.g4 Bb7 10.O-O-O Nfd7 11.Bd3 Nc5 12.Rhe1 Nbd7 13.Kb1 b4 14.Nce2 a5 15.Bb5 O-O
16.Ng3 Ne5 17.Qe2 Qc7 18.f4 Nc6 19.g5 Rfd8 20.f5 Nxd4 21.Bxd4 e5 22.Bxe5 dxe5
23.f6 gxf6 24.gxf6 Bxf6 25.Nh5 Bh8 26.Rg1+ Kf8 27.Rdf1 Rd4 28.Qg4  1-0